000
00282nam a22001217a 4500
008
181107b xxu||||| |||| 00| 0 eng d
041
_a
eng
080
_a
101
100
_a
23
101
_a
FIL
245
_a
Encounter An Introduction To Philosophy
_c
Ramona.c
942
_2
udc
_c
BK
999
_c
52184
_d
52184